| 000 | nam a22 7a 4500 | ||
|---|---|---|---|
| 999 |
_c154642 _d154640 |
||
| 005 | 20200228110556.0 | ||
| 008 | 200228b mx ||||| |||| 00| 0 spa d | ||
| 020 | _a9786078092970 | ||
| 050 | 0 | 4 |
_aPN2091.S8 _bG66 2014 |
| 100 | 1 | _aGonzález, Xóchitl | |
| 245 | 1 | 0 |
_aManual práctico de diseño escenográfico _c/ Xóchitl González ; con la colaboración de Esaú Corona ; prólogo de Martín Acosta |
| 250 | _a1a ed. | ||
| 260 |
_aMéxico : _bToma, Ediciones y Producciones Escénicas y Cinematográficas : _bGobierno del Estado de Durango. Instituto de Cultura del Estado de Durango : _bGobierno Municipal de Saltillo. Instituto Municipal de Cultura de Saltillo, _c2014 |
||
| 300 |
_a127 p. : _bil. ; _c27 cm. |
||
| 490 | 0 |
_aSerie Teoría y técnica. _aPaso de gato |
|
| 504 | _aIncluye bibliografía e indice | ||
| 650 | 7 |
_2lemb _aTeatro _xEscenario y decoraciones _xProducción y dirección |
|
| 700 | 1 |
_aCorona, Esaú, _eautor |
|
| 700 | 1 |
_aAcosta, Martín, _eprologuista |
|
| 942 |
_2lcc _cLIB |
||